01340nam a2200265 a 450000100100000000500170001000800410002702000150006804000250008308200210010810000400012924500590016926000340022830000210026250000670028359000260035065000270037665000310040391000380043495201330047295201330060595201190073895202020085799900150105900001021820240530073911.0091005t2005 dr 000 f spa d a999343230X aDO-SdBNPbspacBNPHU aRD863.44bH557me1 aHernández, Ángela,d1954-9256410aMetáfora del cuerpo en fuga /cÁngela Hernández. aSanto Domingo :bCole,c2005. a172 p. ;c22 cm. aIncluye datos biográficos de la autora en la contracubierta. aInventariado, 2020/BT 0aNovela dominicana9223 0aLiteratura dominicana.967 aValidado. Control de calidad EMS. 001054708DSaGRbGRcHDd2009-11-13iLF1l0oRD863.44 H557mep10218-30r2020-06-25te.3w2020-06-25yLFDSZPréstamo en sala 001054708DSaGRbGRcHDd2015-08-27iLF1l0oRD863.44 H557mep10218-40r2020-06-25te.4w2020-06-25yLFDSZPréstamo en sala 0010718PDaPDbPDcHDd2009-10-05iLF1l0oRD863.44 H557mep10218-10r2020-06-25w2020-06-25yLFPDZNo se presta 0010718PDaPDbPDcHDd2009-11-13iLF1l0oRD863.44 H557mep10218-20r2020-06-25te.2w2020-06-25yLFPDzPerteneció a la biblioteca personal de Chiqui Vicioso / Fidelio Despradel.ZNo se presta c9977d9977